| 000 | 01211cam a2200265 i 4500 | ||
|---|---|---|---|
| 003 | SA-RiAUC | ||
| 005 | 20250822130505.0 | ||
| 008 | 250801s2008 ku g 000 0 ara c | ||
| 040 |
_aKW-ShULA _bara _cSA-RiAUC _erda |
||
| 082 | 0 | 4 | _a259 |
| 090 |
_a259 _bف ت ا |
||
| 245 | 0 | 0 |
_aفتاوى الأئمة في النوازل المدلهمة / _cراجعه وصححه صالح بن فوزان الفوزان ؛ جمع وترتيب محمد بن حسين بن سعيد آل سفران القحطاني. |
| 250 | _aالطبعة الثانية. | ||
| 264 | 1 |
_aالكويت : _bجمعية إحياء التراث الإسلامي، _c2008 |
|
| 300 |
_a201 صفحة ؛ _c24 سم |
||
| 336 |
_aنص _btxt _2rdacontent _3كتاب |
||
| 337 |
_aبدون وسيط _bn _2rdamedia |
||
| 338 |
_aمجلد _bnc _2rdacarrier |
||
| 650 | 7 |
_aالنوازل (أصول فقه) _2aucsh |
|
| 650 | 7 |
_aأصول الفقه الإسلامي _2aucsh |
|
| 700 | 1 |
_aالفوزان، صالح بن فوزان بن عبد الله، _d1354 هجري- _eمراجع. |
|
| 700 | 1 |
_aالقحطاني، محمد بن حسين بن سعيد آل سفران _eجامع. |
|
| 942 |
_2ddc _cBOOK _n0 |
||
| 949 |
_aSA-JeALM _d250801 _umohamedma123 _n1 |
||
| 999 |
_c11021 _d11021 |
||